Vista normal Vista MARC

Entrada Materia (personas)

Número de registros utilizados en: 1

001 - CONTROL NUMBER

  • control field: 85303

003 - CONTROL NUMBER IDENTIFIER

  • control field: Co-BoUCM

005 - DATE AND TIME OF LATEST TRANSACTION

  • control field: 20170424085243.0

008 - FIXED-LENGTH DATA ELEMENTS

  • fixed length control field: 170424|| aca||aabn | a|a d

040 ## - CATALOGING SOURCE

  • Original cataloging agency: Co-BoUCM
  • Transcribing agency: Co-BoUCM

100 ## - HEADING--PERSONAL NAME

  • Personal name: Lenin, Vladimir Ilʹich
  • Dates associated with a name: 1870-1924
  • General subdivision: Descripciones y viajes
  • Geographic subdivision: Europa

670 ## - SOURCE DATA FOUND

  • Source citation: Work cat.: (Co-BoUCM)306479: Merridale, Catherine 85302, El tren de Lenin, 2017